Lord of the Mysteries Sefirot - Statistics

General Stats
  • This quiz has been taken 18 times
  • The average score is 7 of 9
Answer Stats
Answer % Correct
Sephirah Castle
100%
River of Eternal Darkness
94%
Brood Hive
75%
Chaos Sea
75%
City of Calamity
75%
Key of Light
75%
Tenebrous World
56%
Knowledge Moor
50%
Nation of Disorder
50%
No matching quizzes found
Score Distribution
Percent of People with Each Score
Percentile by Number Answered
Your Score History
You have not taken this quiz